000 00762nam a22002417a 4500
001 BR9404037
003 BR-BrBNA
005 20230928094058.0
007 ta
008 230509b bl.||||| |||| 00| 0 por d
040 _aBR-BrBNA
_bpor
_cBiblioteca Nacional de Agricultura
041 _a(Por)
072 _aE11
090 _ E11 BR9404037
110 1 _aInstituto Nacional de Colonizacao e Reforma Agraria, Brasilia, DF (Brasil)
245 1 _aSistema Nacional de Cadastro Rural. Estatisticas cadastrais, vol. 2 tomo 1 recadastramento 1978, Regioes Norte e Centro-Oeste
260 3 _aBrasilia, DF (Brasil):
_c1985.
300 _a369 p.
650 _aPropriedade Rural
650 _aCadastro Rural
909 _a202309
_bLucia
_c55
_dLucia Elande
942 _cBK
999 _c48751
_d48751